000 00954nmm a2200289 a 4500
001 ocm000598292
003 TR-IsHL
005 20201028124653.0
008 130902s2011 tu tur
007 cr cn
020 _a9789944979535
035 _a598292
_b(N$T)
050 0 4 _aPR4622.T9
_bS5475 2011
090 0 4 _aPR4622.T9
_bS5475 2011
100 1 _aDoyle, Arthur Conan
245 1 0 _aSherlock Holmes: mavi yakut
_h[electronic resource] /
_cArthur Conan Doyle ; çev. Orhan Düz
250 _a1. bs.
260 _aİstanbul :
_bAvrupa Yakası Yayınları,
_c2011
300 _a180 p.
650 4 _aDil ve Edebiyat
650 4 _aLanguage and Literature
650 0 _aİngiliz romanı
650 0 _aEnglish fiction
650 7 _aLITERARY COLLECTIONS / European / English, Irish, Scottish, Welsh
_2bisacsh
700 1 _aDüz, Orhan
856 4 0 _uhttp://search.ebscohost.com/login.aspx?direct=true&scope=site&db=e011xww&AN=598292
999 _c3073
_d3073